000 nam a22 7a 4500
999 _c10482
_d10482
008 180217b ||||| |||| 00| 0 eng d
100 _aVijaya
_96403
245 _aGeneral Knowledge Book-5
260 _aNew Delhi
_bGoyal Bros